000 00349nam a2200157Ia 4500
100 _aMilenkovic/ Milan
250 _a2
942 _cBK
654 _aOperating System & design
245 _aOperating Systems Concepts & design
260 _bTata Mc Graw hill
_c1992
082 _a5.43
_bMIL
300 _a755
546 _aENGLISH
999 _c20799
_d20799